Kluby piłkarskie na literę A - Statystyki

Ogólne statystyki
  • Ten quiz został rozwiązany 86 razy
  • Średni wynik to 6 z 10
Statystyki odpowiedzi
Liga Klub % Poprawnych
Premier League Arsenal
83%
Premier League Aston Villa
77%
La Liga Atletico Madryt
75%
La Liga Athletic Bilbao
65%
Serie A Atalanta
64%
Serie A AC Milan
59%
Bundesliga Augsburg
59%
Ligue 1 Angers
45%
Serie A AS Roma
44%
Ligue 1 Auxurre
0%
Nie znaleziono quizów pasujących do podanych kryteriów
Rozkład punktacji
Procent ludzi z każdym wynikiem
Percentyl według liczby udzielonych odpowiedzi
Twoja historia wyników
Nie rozwiązałeś tego quizu